| 000 | 00520nam a2200193Ia 4500 | ||
|---|---|---|---|
| 003 | OSt | ||
| 005 | 20250530160506.0 | ||
| 008 | 210210b1982 xxu||||| |||| 00| 0 eng d | ||
| 040 | _cAL | ||
| 041 | _aKannada | ||
| 082 | _aK894.3 SHAT | ||
| 100 |
_aSHANTAMANI (K) _dಶಾಂತಾಮಣಿ (ಕೆ) _9211905 |
||
| 245 |
_aTumbida mana _bತುಂಬಿದ ಮನ |
||
| 260 |
_aMaisuru _bPustakachilume Mandimohalla _c1982 |
||
| 300 | _a182 | ||
| 690 |
_aKannada Fiction _9211906 |
||
| 906 | _a036398 | ||
| 942 |
_2ddc _cBK |
||
| 999 |
_c86866 _d86866 |
||